• 首页
  • 本馆介绍
  • 公告通知
  • 最新文献
  • 馆藏检索
  • 电子资源
  • 读者导购
  • 参考咨询
  • 我的图书馆
  • 登录
  • 详细信息显示
  • 放入我的书架
  • 预约/预借图书
  • 作者相关作品
  • 分类相关作品
  • 丛书相关作品
  • 出版社相关作品

书目信息

  • 表格格式
  • 工作单格式
  • 卡片格式
题名:
中国生态状况报告
    
 
作者: 李世东 , 胡淑萍 , 唐小明 编著
分册: 2012   森林植被碳储量动态变化研究
出版信息: 北京   科学出版社  2013.03
页数: 299页
开本: 26cm
丛书名:
单 册:
中图分类: X171.1 , S718.55
科图分类:
主题词: 生态环境--研究报告--中国--2012 , 森林植被--碳--储量--研究报告--中国--2012 , 生态环境 , 森林植被 , 碳 , 储量
电子资源:
ISBN: 978-7-03-037127-0
000 01476nam0 2200349 450
001 010020002830
005 20140610105635.79
010    @a978-7-03-037127-0@dCNY79.00
100    @a20130407d2013 em y0chiy50 ea
101 0  @achi
102    @aCN@b110000
105    @aak z 000yy
106    @ar
200 1  @a中国生态状况报告@9zhong guo sheng tai zhuang kuang bao gao@h2012@i森林植被碳储量动态变化研究@dChina ecological status report@h2012@iDynamic change of forest carbon stocks@f李世东,胡淑萍,唐小明编著@zeng
210    @a北京@c科学出版社@d2013.03
215    @a299页@c图@d26cm
330    @a本研究主要包括世界森林资源结构特征、世界森林碳储量动态分析、世界森林碳储量预测研究、中国森林资源结构特征、中国森林碳储量动态分析、中国森林碳储量预测研究六个方面,通过对森林资源结构、生物量、碳储量的动态变化的系统研究,预测了中国和世界森林碳储量的变化趋势。
333    @a生态、环保、林学、农学和地学等相关专业科教部门和政府机关工作人员
510 1  @aChina ecological status report@h2012@iDynamic change of forest carbon stocks@zeng
606 0  @a生态环境@x研究报告@y中国@z2012
606 0  @a森林植被@x碳@x储量@x研究报告@y中国@z2012
606 0  @a生态环境
606 0  @a森林植被
606 0  @a碳
606 0  @a储量
690    @aX171.1@v5
690    @aS718.55@v5
701  0 @a李世东@9li shi dong@4编著
701  0 @a胡淑萍@9hu shu ping@4编著
701  0 @a唐小明@9tang xiao ming@4编著
801  0 @aCN@b人天书店@c20130407
905    @b846252-54@dX171.1@e201@f3
    
    中国生态状况报告.2012.森林植被碳储量动态变化研究=China ecological status report.2012.Dynamic change of forest carbon stocks/李世东,胡淑萍,唐小明编著.-北京:科学出版社,2013.03
    299页:图;26cm
    使用对象:生态、环保、林学、农学和地学等相关专业科教部门和政府机关工作人员
    
    ISBN 978-7-03-037127-0:CNY79.00
    本研究主要包括世界森林资源结构特征、世界森林碳储量动态分析、世界森林碳储量预测研究、中国森林资源结构特征、中国森林碳储量动态分析、中国森林碳储量预测研究六个方面,通过对森林资源结构、生物量、碳储量的动态变化的系统研究,预测了中国和世界森林碳储量的变化趋势。
●
相关链接 在E读中查询图书 在五车中查询图书 在当当中查询图书 在豆瓣中查询图书


正题名:中国生态状况报告     索取号:X171.1/201         预约/预借

序号 登录号 条形码 馆藏地/架位号 状态 备注
1 846252   208462527   第二样本阅览室/ [索取号:X171.1/201] 在馆    
2 846253   208462536   第三借阅区/ [索取号:X171.1/201] 在馆    
3 846254   208462545   密集书库-生命科学系/ [索取号:X171.1/201] 在馆    
唐山师范学院图书馆 欢迎您!
大连网信软件有限公司© 版权所有